000 00286nam a22001217a 4500
008 170627b xxu||||| |||| 00| 0 eng d
041 _aeng
080 _a82
100 _a21
101 _aDJL
245 _aTHE BEGFORD ANTHOLOGY AMERICAN LITERATURE
_cBELASCO.S
942 _2udc
_cBK
999 _c19270
_d19270